Normal view
MARC view
Entry Personal Name
001 - CONTROL NUMBER
- control field: 637001
003 - CONTROL NUMBER IDENTIFIER
- control field: OSt
005 - DATE AND TIME OF LATEST TRANSACTION
- control field: 20221005125707.0
008 - FIXED-LENGTH DATA ELEMENTS
- fixed length control field: 221005|| aca||aabn | a|a d
040 ## - CATALOGING SOURCE
- Original cataloging agency: OSt
- Transcribing agency: OSt
100 ## - HEADING--PERSONAL NAME
- Personal name: Nair Kujiraman Au
670 ## - SOURCE DATA FOUND
- Source citation: Work cat.: (OSt)1054784: Nair Kujiraman Au., Pookkalam, 1964
